00438nam a22001457a 450000500170000000800410001702000180005804100090007608200120008510000170009724500720011426000310018630000190021765000560023620250326160736.0250326b |||||||| |||| 00| 0 eng d a9789394701809 aEng. a382 JOH aJohns, R. A. aInternational Trade Theories And The Evolving International Economy aNew YorkbBloomsburyc2024 a321;. P. 23 cm aCommercial Policy; International Economic Relations